Theoretical Computer Science : Introduction to Automata, Computability, Complexity, Algorithmics, Randomization, Communication, and Cryptography /

Salvato in:
Dettagli Bibliografici
Autore principale: Hromkovič, Juraj (Autore)
Natura: Libro
Lingua:inglese
Pubblicazione: Berlin, Heidelberg, Springer-Verlag Berlin Heidelberg New York, 2004
Soggetti:
Tags: Aggiungi Tag
Nessun Tag, puoi essere il primo ad aggiungerne!!

MARC

LEADER 00000nam a22000003a 4500
001 0075444
003 SK-STU
005 20190905160018.4
007 ta
008 190905s ----xo-----e------000-0-----d
020 |a 978-3-540-14015-3 
040 |a STU  |b slo 
041 0 |a eng 
044 |a gw 
100 1 |a Hromkovič, Juraj  |4 aut 
245 1 0 |a Theoretical Computer Science :   |b Introduction to Automata, Computability, Complexity, Algorithmics, Randomization, Communication, and Cryptography /  |c aut. Juraj Hromkovič 
260 |a Berlin, Heidelberg,  |b Springer-Verlag Berlin Heidelberg New York,  |c 2004 
300 |a 312 s. 
650 0 7 |a formálne jazyky 
650 0 7 |a algoritmy 
996 |b I24KN000171  |c I*18FJ13430  |l II680  |s A  |a 24  |w 0075444_0001